Krize Německého modelu státu blahobytu

Hlavné vývojové tendencie súčasnej nemeckej ekonomiky a problémy spojené s uplatňovaným systémom sociálne trhového hospodárstva. Analyzované sú príčiny kríz, ako aj reformy a programy pre oživenie nemeckého hospodárstva.

Salvato in:
Dettagli Bibliografici
Autore principale: Křáková, Silvie
Natura: Capitolo di libro
Lingua:ceco
Soggetti:
Tags: Aggiungi Tag
Nessun Tag, puoi essere il primo ad aggiungerne!!

MARC

LEADER 00000naa$a2200000$$$4500
001 0037158
005 20221207105145.5
041 0 |a cze 
044 |a SK 
245 1 0 |a Krize Německého modelu státu blahobytu  |c Silvie Křáková 
520 |a Hlavné vývojové tendencie súčasnej nemeckej ekonomiky a problémy spojené s uplatňovaným systémom sociálne trhového hospodárstva. Analyzované sú príčiny kríz, ako aj reformy a programy pre oživenie nemeckého hospodárstva. 
610 2 0 |a Nemecko 
610 2 0 |a situácia hospodárska 
610 2 0 |a hospodárstvo trhové sociálne 
610 2 0 |a kríza 
610 2 0 |a reformy 
610 2 0 |a oživenie 
100 1 |a Křáková, Silvie